000 01038nam a2200277 i 4500
001 73418
003 ES-MaACL
005 20250825073457.0
007 t|
008 041011s2004 sp |||| | spa d
020 _a84-609-0852-6
080 _a070.43/.44(460)
245 0 0 _aDoce calas en la historia de la prensa española especializada /
_cJuan José Fernández Sanz (coordinador).
260 _aGuadalajara :
_bEditores del Henares,
_c2004.
300 _a367 p. ;
_c24 cm.
490 1 _aEl Atalaya ;
_v3
504 _aIncluye referencias bibliográficas.
594 _aEn port.: Asociación de la Prensa de Guadalajara.
594 _aEn cub.: II Congreso Prensa y Periodismo Especializado (historia y realidad actual)
650 1 4 _aPeriodismo especializado-
_zEspaña.
_915959
700 1 _aFernández Sanz, Juan José.
_950081
711 2 _aCongreso Prensa y Periodismo Especializado
_n(2º.
_d2004.
_cGuadalajara)
_9572
830 0 _aEl Atalaya ;
_v3
_9183407
852 _aES-MaACL
_jL-28177
999 _c73418
_d73418